00295nam a22000977a 4500020001500000082001600015100004100031245004300072260004700115300003500162 a0852263422 222a620.106 aGupta, Vijay and Gupta, Santosh, K.  aFluid mechanics and its applications / aNew Delhi,bNew Age International,cc2006. axii, 536 p. ;bill. ;c23 cm.